| 000 | 00636nam a22001817a 4500 | ||
|---|---|---|---|
| 005 | 20251108171250.0 | ||
| 008 | 250721s1987 xx 000 0 ara d | ||
| 082 | 1 | 4 | _aم/621.38103/أمي |
| 100 | 1 | _aفهمي، أمين | |
| 245 | 1 | 0 |
_aتصميم الستيريو موسوعة عالم الألكترونيات : _bالفيديو . كاميرا الفيديو . الانتاج الصوتي / |
| 250 | _aط2 | ||
| 264 | 1 |
_aبيروت : _bدار الراتب الجامعية، _c1987. |
|
| 300 | _a17ص | ||
| 650 | 1 | 7 | _aالهندسة الألكترونية |
| 650 | 1 | 7 | _aالموسوعات |
| 942 |
_2ddc _cREF |
||
| 999 |
_c60816 _d60816 |
||